[Event "Ischia op"]
[Site "Ischia"]
[Date "1994.??.??"]
[Round "?"]
[White "Nicevski, Dejan"]
[Black "Meduna, Eduard"]
[Result "1/2-1/2"]
[WhiteElo "2255"]
[BlackElo "2450"]
[PlyCount "61"]
[EventDate "1994.??.??"]
[EventType "swiss"]
[EventRounds "9"]
[EventCountry "ITA"]
[SourceTitle "EXT 1998"]
[Source "ChessBase"]
[SourceDate "1997.11.17"]
[SourceVersion "1"]
[SourceVersionDate "1997.11.17"]
[SourceQuality "1"]

1. e4 c6 2. d4 d5 3. Nd2 dxe4 4. Nxe4 Nd7 5. Bd3 Ngf6 6. Ng5 e6 7. N1f3 Bd6 8. Qe2 h6 9. Ne4 Nxe4 10. Qxe4 Nf6 11. Qe2 b6 12. Bd2 Bb7 13. 0-0-0 Qc7 14. Rhe1 Bf4 15. Ne5 Bxd2+ 16. Rxd2 0-0-0 17. Ba6 Rhe8 18. Bxb7+ Kxb7 19. Qf3 Nd7 20. Rd3 Nxe5 21. dxe5 Rxd3 22. Qxd3 Rd8 23. Qe2 Rd5 24. g3 g5 25. h3 b5 26. c3 a5 27. Qe3 Qd8 28. Qf3 Qc7 29. Qe3 Qd7 30. Qe2 Qc7 31. Qe3 1/2-1/2